| 000 | 00792nam a2200265Ia 4500 | ||
|---|---|---|---|
| 003 | GCL | ||
| 005 | 20240530103637.0 | ||
| 008 | 140319s9999 xx 000 0 ara d | ||
| 040 |
_aGCL / _cGCL |
||
| 082 | 0 | 4 |
_a301.31/ _bم ب |
| 100 | 1 | _aمحمد السيد غلاب | |
| 245 | 1 | 0 |
_aالبيئة والمجتمع / _cمحمد السيد غلاب |
| 260 |
_aالقاهرة : _bمؤسسة شباب الجامعة ، _c1996 |
||
| 300 |
_a476 ؛ _c22 سم |
||
| 490 |
_aكتاب _v0 |
||
| 650 | 0 | 4 | _aالبيئة |
| 650 | 0 | 4 | _aالعلم |
| 650 | 0 | 4 | _aالزراعة |
| 650 | 0 | 4 | _aالاجتماع |
| 650 | 0 | 4 | _aالانفجار السكانى |
| 650 | 0 | 4 | _aالبيئة والانسان |
| 650 | 0 | 4 | _aالجغرافيا البشرية |
| 650 | 0 | 4 | _aالصيد |
| 942 |
_2ddc _cBK |
||
| 999 |
_c41370 _d41370 |
||